Statistics for Things you find in the bathroom

Click here to take the quiz!

General Stats

  • This quiz has been taken 20 times
    (18 since last reset)
  • The average score is 14 of 32

Answer Stats

Answer% Correct
Bathtub
89%
Shower
89%
Towel
89%
Soap
83%
Toothpaste
83%
Toilet
78%
Toothbrush
78%
Washbasin
72%
Shampoo
67%
Mirror
61%
Toilet paper
61%
Brush
50%
Razor
50%
Comb
44%
Shower gel
39%
Conditioner
39%
Hairdryer
39%
Bath mat
33%
Shaving cream
33%
Bathroom cabinet
28%
Deodorant
28%
Perfume
22%
Floss
22%
Sponge
22%
Plunger
22%
Bidet
17%
Cotton balls
11%
Bathrobe
11%
Toilet brush
11%
Cologne
6%
Cotton swab
6%
Scale
6%

Score Distribution

Percentile by Number Answered

Percent of People with Each Score

Your Score History

You have not taken this quiz since the last reset